|
|
|
|
| LEADER |
00000cam a2200000 a 4500 |
| 001 |
vtls010656002 |
| 003 |
SK-MaSNL |
| 005 |
20260425233053.0 |
| 008 |
150220s2014 xr habog n 001 0dcze |
| 020 |
|
|
|a 9788074222771
|q (viazané)
|
| 040 |
|
|
|a SNK
|b slo
|c SNK
|e AACR2
|
| 041 |
0 |
|
|a cze
|b eng
|
| 043 |
|
|
|a e-xr---
|a e-xo---
|
| 044 |
|
|
|a xr
|c CZ
|
| 072 |
|
7 |
|a 94(437)
|x Dejiny Česka a Slovenska
|2 konspekt
|
| 080 |
|
|
|a 27-878.4
|2 2011
|
| 080 |
|
|
|a (048.8:082)
|2 2011
|
| 080 |
|
|
|a 94(437.3)"14"
|2 2001
|
| 080 |
|
|
|a (437.6)
|2 2011
|
| 245 |
0 |
0 |
|a Husitské století
|c Pavlína Cermanová, Robert Novotný, Pavel Soukup eds. ; Milena Bartlová ... [et al.]
|
| 250 |
|
|
|a 1. vyd.
|
| 260 |
|
|
|a Praha
|b Nakladatelství Lidové noviny
|c 2014
|
| 300 |
|
|
|a 789 s.
|b faksim., fotogr., ilustr., mapy, portréty
|c 28 cm
|
| 504 |
|
|
|a Bibliogr. s.: 708-748 ; bibliogr. odkazy ; register
|
| 546 |
|
|
|a Res. angl.
|
| 648 |
|
7 |
|a 15. stor.
|2 SNKPH
|9 284276
|
| 648 |
|
7 |
|a 15th century
|2 SNKPHeng
|9 297959
|
| 650 |
0 |
7 |
|a husitstvo
|2 SNKPH
|9 75123
|
| 650 |
0 |
7 |
|a Hussitism
|2 SNKPHeng
|9 364717
|
| 651 |
|
7 |
|a Česko
|x dejiny
|2 SNKPH
|9 58420
|
| 651 |
|
7 |
|a Slovensko
|2 SNKPH
|9 14231
|
| 651 |
|
7 |
|a Slovakia
|2 SNKPHeng
|9 92630
|
| 655 |
|
7 |
|a kolektívne monografie
|2 SNKPH
|9 249850
|
| 655 |
|
7 |
|a Collective monographs
|2 SNKPHeng
|9 125747
|
| 700 |
1 |
|
|a Bartlová, Milena,
|d 1958-
|4 aut
|9 111831
|
| 700 |
1 |
|
|a Cermanová, Pavlína,
|d 1977-
|4 edt
|4 aut
|9 487650
|
| 700 |
1 |
|
|a Novotný, Robert,
|d 1974-
|4 edt
|4 aut
|9 222706
|
| 700 |
1 |
|
|a Soukup, Pavel,
|d 1976-
|4 edt
|4 aut
|9 240153
|
| 919 |
|
|
|a 978-80-7422-277-1
|
| 958 |
|
|
|a CZ
|
| 958 |
|
|
|a NB
|
| 999 |
|
|
|c 755859
|d 757789
|
| 952 |
|
|
|t snkHUS 94(437)
|a SNKUST
|b SNKUST
|y PREZ
|7 0
|p 17A1124889
|o snkIB 73115
|i snk2016/14686
|8 3
|g 59.66
|0 0
|1 0
|4 0
|d 2016-06-06
|l 0
|r 2025-05-28 00:00:00
|w 2026-02-23
|